000 00796nam0a2200253 4500
001 RU\NLR\BIBL_A\012097034
005 20250623205824.0
035 _a(NLR Aleph) 012097034
090 _a11886615
_c11886615
100 _a20190919d1934 |||y0rusy50 ca
101 0 _a9as
102 _aRU
105 _aa z 000 y
200 1 _aMalarijә
_e(xәmxәmtә)
_fL. I. Marogulov
210 _aМосква
_aЛенинград
_cМедгиз
_d1934
215 _a37, [2] c.
_cил.
_d15
541 1 _aМалярия
_zrus
606 1 _aМалярия
_91104501
_3RU\NLR\AUTH\66115697
686 1 _aР514.48
700 1 _aМарогулов
_bЛ. И.
_f1903-1964
_gЛеонид Исаакович
_4070
852 _aNLR
_bОНЛ
_jАссир./1-5
942 _cBOOK
980 _aNB